| Tag |
First Indicator |
Second Indicator |
Subfields |
| LEADER |
00000cam a22000001a 4500 |
| 001 |
in00002933839 |
| 005 |
20190401173049.0 |
| 006 |
m o d |
| 007 |
cr un mmmapmmp |
| 008 |
061205s1875 dcud o f000 0 eng d |
| 035 |
|
|
|a cis2004032016
|
| 040 |
|
|
|a UMI
|c UMI
|d UtOrBLW
|
| 043 |
|
|
|a n-us---
|
| 099 |
|
|
|a ProQuest Serial Set Number 1686 H.exdoc.18
|
| 110 |
1 |
|
|a United States.
|b Congress.
|b House.
|b Committee on Commerce.
|
| 245 |
1 |
0 |
|a Letter from the Secretary of State, transmitting an abstract of returns of Collectors of Customs, showing the number of seamen registered as having received certificates of citizenship during the year ending September 30, 1875.
|
| 246 |
1 |
|
|a Abstract of registered American seamen, 1875
|
| 264 |
|
1 |
|a Washington :
|b [publisher not identified],
|c 1875.
|
| 300 |
|
|
|a 1 online resource.
|
| 336 |
|
|
|a text
|b txt
|2 rdacontent
|
| 337 |
|
|
|a computer
|b c
|2 rdamedia
|
| 338 |
|
|
|a online resource
|b cr
|2 rdacarrier
|
| 490 |
0 |
|
|a H.exdoc.18
|
| 500 |
|
|
|a Record is based on bibliographic data in ProQuest U.S. Serial Set Digital Collection (last viewed Dec. 2006). Reuse except for individual research requires license from ProQuest, LLC.
|
| 510 |
3 |
|
|a ProQuest U.S. Serial Set Digital Collection
|
| 500 |
|
|
|a Electronic resource.
|
| 650 |
|
0 |
|a Merchant mariners.
|
| 655 |
|
7 |
|a Electronic books.
|2 local
|
| 710 |
2 |
|
|a ProQuest (Firm)
|
| 830 |
|
0 |
|a United States congressional serial set.
|
| 856 |
4 |
0 |
|u http://proxy.library.tamu.edu/login?url=http://congressional.proquest.com/congcomp/getdoc?SERIAL-SET-ID=1686+H.exdoc.18
|z Connect to the full text of this electronic book
|t 0
|
| 999 |
|
|
|a MARS
|
| 999 |
f |
f |
|s 556497cf-9183-375d-9689-49779c058774
|i ad3a0c37-7a1f-3019-927d-749826340cc6
|t 0
|
| 952 |
f |
f |
|a Texas A&M University
|b College Station
|c Electronic Resources
|d Available Online
|t 0
|e ProQuest Serial Set Number 1686 H.exdoc.18
|h Other scheme
|
| 998 |
f |
f |
|a ProQuest Serial Set Number 1686 H.exdoc.18
|t 0
|l Available Online
|